Normal view MARC view
  • Nathan-Deiller, M.

Entry Nombre Personal

Number of records used in: 1

001 - NUMERO DE CONTROL

  • campo de control: 51227

003 - IDENTIFICADOR DE NUMERO DE CONTROL

  • campo de control: MX-MxUPN

005 - FECHA Y HORA DE LA ÜLTIMA TRANSACCIÓN

  • campo de control: 20240227101915.0

008 - DATOS DE LONGITUD FIJA

  • campo de control de longitud fija: 240227nn acnnnaabn n ana d

040 ## - FUENTE DE CATALOGACIÓN

  • Agencia original de catalogación: MX-MxUPN

100 1# - ENCABEZAMIENTO - NOMBRE PERSONAL

  • Nombre personal: Nathan-Deiller, M.

670 ## - FUENTE EN LA QUE SE LOCALIZARON DATOS

  • Cita de la fuente: Mis primeras palabras, 2003 :
  • Información localizada: cubierta (M. Nathan-Deiller)

902 ## - CATALOGADOR

  • Catalogador: VíctorGodínez/270224